Hombrecitos / (Registro nro. 9986)

Detalles MARC
000 -CABECERA
Longitud fija campo de control 00749nam a2200229 a 4500
003 - • IDENTIFICADOR DELl NÚMERO DE CONTROL
Identificador del número de control CO-ViMGA
008 - • CÓDIGOS DE INFORMACIÓN DE LONGITUD FIJA
Códigos de información de longitud fija 141112s2004 ck r 000 u spa d
020 ## - • NÚMERO INTERNACIONAL NORMALIZADO PARA LIBROS
Número Internacional Normalizado para Libros (ISBN) 9561311437
040 ## - FUENTE DE LA CATALOGACIÓN
Centro catalogador de origen CO-ViMGA
Lengua de catalogación spa
Centro transcriptor CO-ViMGA
082 04 - • NÚMERO DE LA CLASIFICACIÓN DECIMAL DEWEY
Número de clasificación (R) 813 A41h
100 1# - • PUNTO DE ACCESO PRINCIPAL-NOMBRE DE PERSONA
Nombre de persona Alcott, Louisa May, 1832 - 1888
245 10 - • TITULO PROPIAMENTE DICHO
Título Hombrecitos /
Mención de responsabilidad, etc. Louisa May Alcott ; texto abreviado de Hernán Poblete ; ilustraciones de Eduardo Osorio.
250 ## - • MENCIÓN DE EDICIÓN
Mención de edición 10a. ed.
300 ## - • DESCRIPCIÓN FÍSICA
Extensión 211 p.; 19 cm
490 0# - • MENCIÓN DE SERIE
Mención de serie [Club de lectores Andrés Bello] ; 44
500 ## - • NOTA GENERAL
Nota general Guia de trabajo al final del texto
650 14 - • PUNTO DE ACCESO ADICIONAL DE MATERIA - TÉRMINO DE MATERIA
Término de materia o nombre geográfico como elemento inicial Novelas juveniles estadounidenses
700 1# - • PUNTO DE ACCESO ADICIONAL - NOMBRE DE PERSONA
Nombre de persona Poblete Varas, Hernán, 1919 - .
942 ## - ENTRADA DE ELEMENTOS AGREGADOS (KOHA)
Fuente de clasificaión o esquema Dewey Decimal Classification
Koha [por defecto] tipo de item LIbro
Existencias
Perdido Fuente de clasificación o esquema Estado Físico No para préstamo Forma de adquisición Localización permanente Localización actual Fecha adquisición Serie de enumeración / cronolog&íacute;a Préstamos totales Signatura completa Código de barras Fecha última consulta Número de copia Fecha del precio de reemplazo Tipo de item de Koha
  Dewey Decimal Classification     Sala General Estacion de Lectura Apiay - Villavicencio Estacion de Lectura Apiay - Villavicencio 12/04/2015 09/feb/2015   813 A41h 28144 12/04/2015 Ej. 1 12/04/2015 LIbro









Instituto Departamental de Cultura del Meta - Red Departamental de Bibliotecas Públicas del Meta.